[Event "Gibraltar Masters"]
[Site "Gibraltar ENG"]
[Date "2017.02.02"]
[Round "10.41"]
[White "Paehtz, Thomas Sr"]
[Black "Spraggett, Kevin"]
[Result "0-1"]
[WhiteElo "2365"]
[BlackElo "2542"]
[PlyCount "86"]
[EventDate "2017.01.24"]
[EventType "swiss"]
[EventRounds "9"]
[EventCountry "ENG"]
[Source "Mark Crowther"]
[SourceDate "2017.02.13"]

1. e4 c5 2. Nf3 e6 3. d4 cxd4 4. Nxd4 a6 5. Bd3 Nf6 6. O-O d6 7. b3 Nbd7 8. Bb2
Be7 9. f4 O-O 10. Nd2 g6 11. N4f3 Nc5 12. Qe2 b5 13. b4 Nxd3 14. cxd3 Bb7 15.
Nb3 Rc8 16. Rac1 Qd7 17. Qd2 Rxc1 18. Rxc1 Rc8 19. Na5 Ne8 20. Nxb7 Qxb7 21.
Rxc8 Qxc8 22. Qc3 Qxc3 23. Bxc3 Nc7 24. Nd4 Kf8 25. g4 Ke8 26. g5 Kd7 27. Nf3
Bf8 28. Kf2 h6 29. h4 hxg5 30. hxg5 Ne8 31. Nh2 e5 32. fxe5 dxe5 33. Nf3 Ke6
34. a3 Bd6 35. Ke3 Nc7 36. d4 exd4+ 37. Bxd4 Kd7 38. Ne5+ Bxe5 39. Bxe5 Ne6 40.
Bf6 Kd6 41. Kf3 Nf8 42. Kf4 Nd7 43. Bd4 Ke6 0-1

[Event "Figueira da Foz op"]
[Site "Figueira da Foz POR"]
[Date "2016.10.30"]
[Round "1.2"]
[White "Redondo Arguelles, Graciela"]
[Black "Spraggett, Kevin"]
[Result "0-1"]
[WhiteElo "2029"]
[BlackElo "2539"]
[PlyCount "134"]
[EventDate "2016.10.30"]
[EventType "swiss"]
[EventRounds "9"]
[EventCountry "POR"]
[Source "Chess Mix"]

1. e4 c5 2. c3 Nf6 3. d3 e6 4. Nf3 b6 5. Bg5 Be7 6. Nbd2 h6 7. Bxf6 Bxf6 8. e5
Be7 9. d4 Bb7 10. Bd3 Nc6 11. O-O d5 12. exd6 Bxd6 13. Ne4 cxd4 14. Bb5 O-O 15.
Bxc6 Bxc6 16. Nxd6 Qxd6 17. Qxd4 Qe7 18. Ne5 Bb7 19. f4 Rfd8 20. Qe3 Rd5 21.
Rf2 Rad8 22. Re1 Qf6 23. h3 h5 24. Ree2 Qf5 25. Rd2 Qb1+ 26. Kh2 Qf5 27. c4
Rxd2 28. Rxd2 Rxd2 29. Qxd2 f6 30. g4 Qe4 31. Nd7 hxg4 32. hxg4 Bc6 33. Kg3
Qf3+ 34. Kh4 Qh1+ 35. Kg3 Qg1+ 36. Kh3 Kf7 37. Nb8 Qf1+ 38. Kg3 Qxc4 39. Nxc6
Qxc6 40. Qd8 Qc5 41. Qd7+ Qe7 42. Qc6 g5 43. fxg5 fxg5 44. Qe4 Qd6+ 45. Kh3 Qf4
46. Qh7+ Kf6 47. Qh8+ Ke7 48. Qg7+ Kd6 49. Qxa7 Qf3+ 50. Kh2 Qf2+ 51. Kh3 Qh4+
52. Kg2 Qxg4+ 53. Kf2 Qd4+ 54. Kg3 Qxb2 55. Qb8+ Ke7 56. Qc7+ Kf6 57. Qd8+ Kf5
58. Qd3+ Ke5 59. Qe3+ Kd5 60. Qf3+ Kc5 61. Qe3+ Qd4 62. Qxg5+ e5 63. Qe7+ Kc4
64. Qe6+ Kc3 65. Qb3+ Kd2 66. Kg2 Qg4+ 67. Kf2 Qe2+ 0-1

[Event "Figueira da Foz op"]
[Site "Figueira da Foz POR"]
[Date "2016.10.31"]
[Round "2.2"]
[White "Spraggett, Kevin"]
[Black "Vassallo Barroche, Mauricio"]
[Result "1-0"]
[WhiteElo "2539"]
[BlackElo "2362"]
[PlyCount "64"]
[EventDate "2016.10.30"]
[EventType "swiss"]
[EventRounds "9"]
[EventCountry "POR"]
[Source "Chess Mix"]

1. e4 c5 2. Nf3 d6 3. d4 cxd4 4. Nxd4 Nf6 5. Nc3 g6 6. h3 Bg7 7. g3 Nc6 8. Nde2
O-O 9. Bg2 Rb8 10. a4 a6 11. O-O b5 12. axb5 axb5 13. Bg5 h6 14. Be3 b4 15. Nd5
Nd7 16. Qc1 e6 17. Ndf4 Nde5 18. b3 Qc7 19. Qd2 Kh7 20. Ra4 Bb7 21. Rd1 Rfd8
22. Nd4 Ba8 23. Ndxe6 fxe6 24. Nxe6 Qe7 25. Nxg7 Qxg7 26. f4 Nf7 27. Qe2 Re8
28. Kh2 Rbc8 29. Rd3 Qb2 30. Qd1 Ncd8 31. Bd4 Qxc2 32. Qxc2 Rh8 1-0

[Event "Figueira da Foz op"]
[Site "Figueira da Foz POR"]
[Date "2016.11.01"]
[Round "4.2"]
[White "Spraggett, Kevin"]
[Black "Bogdanov, Egor"]
[Result "1/2-1/2"]
[WhiteElo "2539"]
[BlackElo "2400"]
[PlyCount "57"]
[EventDate "2016.10.30"]
[EventType "swiss"]
[EventRounds "9"]
[EventCountry "POR"]
[Source "Chess Mix"]

1. e4 c5 2. Nf3 d6 3. d4 cxd4 4. Nxd4 Nf6 5. Nc3 g6 6. Be2 Bg7 7. O-O O-O 8.
Be3 Nc6 9. Qd2 Ng4 10. Bxg4 Bxg4 11. Nd5 Be6 12. c4 Ne5 13. Rac1 Bxd5 14. exd5
Ng4 15. Bg5 h6 16. Bf4 Qb6 17. Rfd1 Kh7 18. h3 Bxd4 19. Qxd4 Qxd4 20. Rxd4 Nf6
21. Re1 Rfe8 22. Bd2 Rac8 23. Bc3 g5 24. a4 a6 25. a5 Kg6 26. b3 Rb8 27. Rd3 b5
28. axb6 Rxb6 29. Ba5 1/2-1/2

[Event "Figueira da Foz op"]
[Site "Figueira da Foz POR"]
[Date "2016.11.02"]
[Round "5.3"]
[White "Alshameary Puente, Ismael"]
[Black "Spraggett, Kevin"]
[Result "1/2-1/2"]
[WhiteElo "2308"]
[BlackElo "2539"]
[PlyCount "95"]
[EventDate "2016.10.30"]
[EventType "swiss"]
[EventRounds "9"]
[EventCountry "POR"]
[Source "Chess Mix"]

1. d4 Nf6 2. c4 e6 3. Nc3 Bb4 4. e3 O-O 5. Bd3 c5 6. Nf3 b6 7. O-O Bxc3 8. bxc3
Bb7 9. Nd2 Nc6 10. f3 d6 11. Nb3 a5 12. Rb1 Ba6 13. Na1 e5 14. Qa4 Qc7 15. Nc2
Rab8 16. Na3 exd4 17. exd4 cxd4 18. Nb5 Bxb5 19. cxb5 Ne5 20. Qxd4 Rfe8 21. Bf5
Qc4 22. Rd1 Qxa2 23. Bg5 Qa3 24. Bxf6 gxf6 25. Kh1 Kg7 26. f4 Ng6 27. Bd7 Re2
28. Bg4 Rc2 29. c4 Qc5 30. Qxd6 Qxd6 31. Rxd6 Nxf4 32. Rd7 Rxc4 33. g3 Ng6 34.
Be6 Ne5 35. Rxf7+ Nxf7 36. Bxc4 Ne5 37. Be6 Rd8 38. Rb2 Rd6 39. Bf5 Nc4 40. Re2
a4 41. Re4 a3 42. Rxc4 Rd1+ 43. Kg2 a2 44. Rc7+ Kf8 45. Rc8+ Ke7 46. Rc7+ Kd8
47. Rc8+ Ke7 48. Rc7+ 1/2-1/2

[Event "Figueira da Foz op"]
[Site "Figueira da Foz POR"]
[Date "2016.11.03"]
[Round "6.3"]
[White "Spraggett, Kevin"]
[Black "Stella, Andrea"]
[Result "1-0"]
[WhiteElo "2539"]
[BlackElo "2455"]
[PlyCount "113"]
[EventDate "2016.10.30"]
[EventType "swiss"]
[EventRounds "9"]
[EventCountry "POR"]
[Source "Chess Mix"]

1. e4 e6 2. d4 d5 3. exd5 exd5 4. Nf3 Bd6 5. Bd3 Nc6 6. O-O Bg4 7. c3 Nge7 8.
Nbd2 Qd7 9. Re1 f6 10. Nf1 O-O-O 11. b4 Rde8 12. Ne3 h5 13. a4 Kb8 14. a5 Nf5
15. a6 Nh4 16. Be2 Bxf3 17. Bxf3 Nxf3+ 18. Qxf3 b6 19. Bd2 Ne7 20. c4 c6 21.
Rac1 dxc4 22. Rxc4 b5 23. Rc2 Bc7 24. Rec1 Qxd4 25. g3 h4 26. Nf5 Qd5 27. Qxd5
Nxd5 28. Nxg7 Re5 29. Rxc6 hxg3 30. hxg3 Rg8 31. Ne6 Bb6 32. Nc5 Re7 33. Kg2
Rd8 34. Kf3 Rde8 35. Rd6 Rd8 36. Rc6 Rde8 37. Rd1 Bc7 38. Be1 Ne3 39. Rd3 Nc4
40. Bc3 Be5 41. Kg2 Rc8 42. Bxe5+ fxe5 43. Rxc8+ Kxc8 44. Ne4 Kc7 45. f3 Kb6
46. Nc5 Rg7 47. g4 e4 48. Nxe4 Kxa6 49. g5 Rf7 50. Kg3 Kb6 51. f4 a5 52. bxa5+
Kxa5 53. Nd6 Nxd6 54. Rxd6 b4 55. g6 Rb7 56. f5 b3 57. Rd1 1-0

[Event "Figueira da Foz op"]
[Site "Figueira da Foz POR"]
[Date "2016.11.05"]
[Round "8.3"]
[White "Spraggett, Kevin"]
[Black "Del Rio de Angelis, Salvador Gabriel"]
[Result "1/2-1/2"]
[WhiteElo "2539"]
[BlackElo "2527"]
[PlyCount "103"]
[EventDate "2016.10.30"]
[EventType "swiss"]
[EventRounds "9"]
[EventCountry "POR"]
[Source "Chess Mix"]

1. e4 e6 2. d4 d5 3. exd5 exd5 4. Nf3 Nf6 5. Bd3 c5 6. dxc5 Bxc5 7. O-O O-O 8.
Nc3 Nc6 9. Bg5 h6 10. Bh4 Be6 11. a3 Be7 12. Re1 Qb6 13. b4 a6 14. Rb1 Qc7 15.
Bg3 Bd6 16. Bxd6 Qxd6 17. Na4 Rad8 18. Nc5 Bc8 19. h3 a5 20. Qd2 axb4 21. axb4
Rfe8 22. Rxe8+ Rxe8 23. c3 Ne5 24. Nxe5 Qxe5 25. Rc1 Re7 26. Bf1 Bf5 27. f3 Bc8
28. Nd3 Qd6 29. Re1 Rc7 30. Ne5 Be6 31. Qd4 Nd7 32. Nxd7 Qxd7 33. Re3 Qc6 34.
Kf2 Rc8 35. Bd3 Kf8 36. Be2 Qc7 37. f4 Qd8 38. g4 Qh4+ 39. Kg2 Ra8 40. Bf3 h5
41. f5 hxg4 42. Qxg4 Qh6 43. Re2 Bd7 44. Bxd5 Qf6 45. Qg3 Bc6 46. Bxc6 Qxc6+
47. Qf3 Qc4 48. Rf2 Rc8 49. Qxb7 Qxc3 50. b5 Kg8 51. Qd5 Qf6 52. Qe4 1/2-1/2

[Event "Queima das Fitas op"]
[Site "Coimbra POR"]
[Date "2016.04.22"]
[Round "1"]
[White "Spraggett, Kevin"]
[Black "Silva, Rui Manuel DA"]
[Result "1-0"]
[WhiteElo "2525"]
[BlackElo "1676"]
[PlyCount "59"]
[EventDate "2016.04.22"]
[EventType "swiss"]
[EventRounds "7"]
[EventCountry "POR"]
[Source "Chessbase"]
[SourceDate "2016.04.29"]

1. e4 e5 2. Nf3 Nc6 3. Bb5 d6 4. d4 exd4 5. Nxd4 Bd7 6. Nc3 Nxd4 7. Bxd7+ Qxd7
8. Qxd4 Nf6 9. O-O Be7 10. b3 O-O 11. Bb2 c6 12. Rad1 Rfd8 13. f4 Qc7 14. Kh1
a6 15. Rde1 Rac8 16. Qf2 Bf8 17. e5 dxe5 18. fxe5 Nd5 19. Ne4 h6 20. a3 Re8 21.
c4 Nb6 22. Nd6 Re7 23. Re3 Rd8 24. Rf3 Rdd7 25. Bd4 Nc8 26. c5 Na7 27. a4 g5
28. Rf6 Bg7 29. e6 Rxd6 30. cxd6 1-0

[Event "Queima das Fitas op"]
[Site "Coimbra POR"]
[Date "2016.04.23"]
[Round "2"]
[White "Silva, Goncalo Nuno Neto"]
[Black "Spraggett, Kevin"]
[Result "0-1"]
[WhiteElo "1928"]
[BlackElo "2525"]
[PlyCount "64"]
[EventDate "2016.04.22"]
[EventType "swiss"]
[EventRounds "7"]
[EventCountry "POR"]
[Source "Chessbase"]
[SourceDate "2016.04.29"]

1. e4 c5 2. Nf3 e6 3. c3 Nf6 4. e5 Nd5 5. Bc4 d6 6. exd6 Bxd6 7. O-O O-O 8. h3
Nc6 9. d4 cxd4 10. Bxd5 exd5 11. Nxd4 Re8 12. Nf3 Bf5 13. Bg5 Qd7 14. Nbd2 Re6
15. Nh4 Bd3 16. Re1 Rxe1+ 17. Qxe1 d4 18. Ne4 h6 19. Bxh6 Re8 20. f3 Bxe4 21.
fxe4 gxh6 22. Nf5 Bf8 23. cxd4 Kh7 24. Rd1 Ne7 25. Ng3 Bg7 26. Qf2 Rf8 27. Nh5
Ng6 28. Qf5 Bxd4+ 29. Kh1 Qa4 30. b3 Qxa2 31. Qd5 Be5 32. Rf1 Kg8 0-1

[Event "Queima das Fitas op"]
[Site "Coimbra POR"]
[Date "2016.04.23"]
[Round "3"]
[White "Spraggett, Kevin"]
[Black "Martins, Andre Goncalo Gomes"]
[Result "1-0"]
[WhiteElo "2525"]
[BlackElo "2045"]
[PlyCount "59"]
[EventDate "2016.04.22"]
[EventType "swiss"]
[EventRounds "7"]
[EventCountry "POR"]
[Source "Chessbase"]
[SourceDate "2016.04.29"]

1. e4 d6 2. d4 Nf6 3. f3 g6 4. Be3 Bg7 5. Qd2 c6 6. Nc3 b5 7. g4 h6 8. h4 Nbd7
9. a4 b4 10. Nce2 a5 11. Ng3 Nb6 12. g5 hxg5 13. hxg5 Ng8 14. Rxh8 Bxh8 15. Qh2
Bg7 16. f4 e6 17. Qh7 Kf8 18. Nf3 Ne7 19. Bd3 d5 20. f5 exf5 21. exf5 Nxf5 22.
Nxf5 Bxf5 23. O-O-O Bxd3 24. cxd3 Qd6 25. Ne5 Nd7 26. Rf1 Nxe5 27. dxe5 Qxe5
28. Bc5+ Ke8 29. Qg8+ Kd7 30. Rxf7+ 1-0

[Event "Queima das Fitas op"]
[Site "Coimbra POR"]
[Date "2016.04.24"]
[Round "4"]
[White "Silva, Miguel Antonio Neto"]
[Black "Spraggett, Kevin"]
[Result "0-1"]
[WhiteElo "2180"]
[BlackElo "2525"]
[PlyCount "64"]
[EventDate "2016.04.22"]
[EventType "swiss"]
[EventRounds "7"]
[EventCountry "POR"]
[Source "Chessbase"]
[SourceDate "2016.04.29"]

1. d4 Nf6 2. c4 e6 3. Nf3 b6 4. g3 Ba6 5. Qc2 c5 6. Bg2 Nc6 7. Qa4 Bb7 8. d5
exd5 9. cxd5 Nxd5 10. O-O Be7 11. Rd1 Nf6 12. e4 O-O 13. Nc3 Qb8 14. Bf4 d6 15.
Rd2 a6 16. Re1 b5 17. Qd1 Ne5 18. Nxe5 dxe5 19. Bg5 Rd8 20. Bxf6 Bxf6 21. h4
Qc7 22. Nd5 Bxd5 23. exd5 Qd6 24. Rc2 Rac8 25. Qg4 g6 26. h5 Bg7 27. a4 c4 28.
Rd1 f5 29. Qe2 e4 30. axb5 axb5 31. f3 Qxg3 32. fxe4 Be5 0-1

[Event "Queima das Fitas op"]
[Site "Coimbra POR"]
[Date "2016.04.24"]
[Round "5"]
[White "Spraggett, Kevin"]
[Black "Sousa, Andre Ventura"]
[Result "1-0"]
[WhiteElo "2525"]
[BlackElo "2409"]
[PlyCount "65"]
[EventDate "2016.04.22"]
[EventType "swiss"]
[EventRounds "7"]
[EventCountry "POR"]
[Source "Chessbase"]
[SourceDate "2016.04.29"]

1. e4 e5 2. Nf3 Nc6 3. Bb5 a6 4. Ba4 g6 5. c3 d6 6. d4 Bd7 7. O-O Bg7 8. Re1
Nge7 9. dxe5 dxe5 10. Be3 O-O 11. Nbd2 h6 12. Bb3 Qe8 13. a4 Kh8 14. Nc4 Bg4
15. h3 Rd8 16. Qe2 Bc8 17. Bc2 b6 18. b4 f5 19. b5 f4 20. Bd2 Na7 21. Ncxe5
axb5 22. axb5 Nxb5 23. Ba4 c6 24. Nxc6 Rxd2 25. Qxb5 Bd7 26. Nxd2 Bxc6 27. Qb4
Bxa4 28. Rxa4 Nd5 29. Qb3 Nxc3 30. Rc4 Nb5 31. Nf3 Nd6 32. Rb4 b5 33. e5 1-0

[Event "Queima das Fitas op"]
[Site "Coimbra POR"]
[Date "2016.04.25"]
[Round "6"]
[White "Teske, Henrik"]
[Black "Spraggett, Kevin"]
[Result "1/2-1/2"]
[WhiteElo "2478"]
[BlackElo "2525"]
[PlyCount "38"]
[EventDate "2016.04.22"]
[EventType "swiss"]
[EventRounds "7"]
[EventCountry "POR"]
[Source "Chessbase"]
[SourceDate "2016.04.29"]

1. d4 Nf6 2. c4 e6 3. Nc3 Bb4 4. e3 O-O 5. Bd3 d5 6. Nf3 c5 7. O-O dxc4 8. Bxc4
Nbd7 9. Bd2 cxd4 10. Nxd4 Be7 11. Qe2 Ne5 12. Bb3 Bd7 13. Rfd1 Rc8 14. e4 Bc5
15. Be3 Nfg4 16. Nxe6 fxe6 17. Bxe6+ Bxe6 18. Rxd8 Rfxd8 19. Bxc5 Rxc5 1/2-1/2

[Event "Queima das Fitas op"]
[Site "Coimbra POR"]
[Date "2016.04.25"]
[Round "7"]
[White "Spraggett, Kevin"]
[Black "Rocha, Sergio Manuel Colac"]
[Result "1/2-1/2"]
[WhiteElo "2525"]
[BlackElo "2384"]
[PlyCount "82"]
[EventDate "2016.04.22"]
[EventType "swiss"]
[EventRounds "7"]
[EventCountry "POR"]
[Source "Chessbase"]
[SourceDate "2016.04.29"]

1. c4 Nf6 2. Nf3 g6 3. b3 Bg7 4. Bb2 O-O 5. g3 d6 6. Bg2 c5 7. O-O Nc6 8. d3
Bd7 9. Nc3 Qc8 10. Re1 Bh3 11. Bh1 Qg4 12. Qd2 h6 13. Nd5 Nxd5 14. Bxg7 Kxg7
15. cxd5 Nb4 16. d4 b6 17. Rac1 a5 18. dxc5 bxc5 19. Rc4 Qd7 20. a3 Na6 21. Rh4
Rh8 22. Qc3+ f6 23. Nd2 Nc7 24. Ra4 Nb5 25. Qb2 Rhb8 26. e3 Ra7 27. Nc4 Qd8 28.
Qd2 Rba8 29. Ra1 Bd7 30. Bg2 Ra6 31. h3 R8a7 32. Kh2 Nc7 33. Rxa5 Rxa5 34. Nxa5
Nxd5 35. b4 Nb6 36. bxc5 Na4 37. Nb7 Qc8 38. cxd6 Rxb7 39. Bxb7 Qxb7 40. dxe7
Be8 41. Rc1 h5 1/2-1/2

[Event "Cappelle op"]
[Site "Cappelle la Grande FRA"]
[Date "2016.02.13"]
[Round "1"]
[White "Klinova, Masha"]
[Black "Spraggett, Kevin"]
[Result "0-1"]
[WhiteElo "2304"]
[BlackElo "2522"]
[PlyCount "56"]
[EventDate "2016.02.13"]
[EventType "swiss"]
[EventRounds "9"]
[EventCountry "FRA"]
[Source "Chessbase"]
[SourceDate "2016.02.26"]

1. e4 c5 2. Nf3 e6 3. c4 Nc6 4. Nc3 Nge7 5. d4 Nxd4 6. Nxd4 cxd4 7. Qxd4 Nc6 8.
Qd3 Bc5 9. Be2 O-O 10. O-O d6 11. a3 e5 12. b4 Bd4 13. Ra2 Be6 14. Be3 Rc8 15.
Rc2 f5 16. Rcc1 Bxc3 17. Rxc3 f4 18. Bc1 Nd4 19. Rd1 b5 20. c5 dxc5 21. bxc5
Qe7 22. Bb2 Rfd8 23. Bf1 Bg4 24. Rdc1 f3 25. Qe3 fxg2 26. Bxg2 Ne2+ 27. Kf1
Nxc3 28. Qxc3 Rxc5 0-1

[Event "Cappelle op"]
[Site "Cappelle la Grande FRA"]
[Date "2016.02.14"]
[Round "2"]
[White "Spraggett, Kevin"]
[Black "Nihal, Sarin"]
[Result "1/2-1/2"]
[WhiteElo "2522"]
[BlackElo "2259"]
[PlyCount "134"]
[EventDate "2016.02.13"]
[EventType "swiss"]
[EventRounds "9"]
[EventCountry "FRA"]
[Source "Chessbase"]
[SourceDate "2016.02.26"]

1. e4 c5 2. Nf3 d6 3. d4 cxd4 4. Nxd4 Nf6 5. Nc3 a6 6. h3 e5 7. Nde2 h5 8. Bg5
Be6 9. Bxf6 Qxf6 10. Nd5 Bxd5 11. Qxd5 Nc6 12. Nc3 Rc8 13. a3 g6 14. Bc4 Bh6
15. Qd3 O-O 16. Nd5 Qd8 17. c3 Kh7 18. Qe2 Qg5 19. O-O f5 20. Rad1 f4 21. f3 b5
22. Ba2 Qd8 23. a4 Rb8 24. b4 Ne7 25. axb5 axb5 26. Rd3 Bg5 27. Rfd1 Bh4 28.
Nxe7 Qb6+ 29. Kh1 Bxe7 30. Bd5 Kh6 31. Qe1 Rfc8 32. Ra1 Rc7 33. Qg1 Qxg1+ 34.
Kxg1 Kg5 35. Kf2 Kf6 36. Ra3 Bd8 37. Ke2 Ke7 38. Rd1 Rd7 39. Kd3 Bb6 40. Bc6
Ra7 41. Rxa7+ Bxa7 42. Ra1 Bf2 43. Ra5 Kf6 44. Bxb5 Kg5 45. Ra2 Be3 46. Bc6 Kh4
47. Kc4 Kg3 48. Kd5 g5 49. Kxd6 Rd8+ 50. Bd7 Bf2 51. b5 Kxg2 52. Kc7 Rxd7+ 53.
Kxd7 Kxf3 54. Rxf2+ Kxf2 55. b6 g4 56. hxg4 hxg4 57. b7 g3 58. b8=Q g2 59. Qxe5
f3 60. Qd4+ Kf1 61. Qd1+ Kf2 62. Qd2+ Kf1 63. Qe3 f2 64. Qd3+ Ke1 65. Qe3+ Kf1
66. Qh3 Kg1 67. Qe3 Kf1 1/2-1/2

[Event "Cappelle op"]
[Site "Cappelle la Grande FRA"]
[Date "2016.02.15"]
[Round "3"]
[White "Xu Huahua"]
[Black "Spraggett, Kevin"]
[Result "0-1"]
[WhiteElo "2116"]
[BlackElo "2522"]
[PlyCount "78"]
[EventDate "2016.02.13"]
[EventType "swiss"]
[EventRounds "9"]
[EventCountry "FRA"]
[Source "Chessbase"]
[SourceDate "2016.02.26"]

1. e4 c5 2. Nf3 e6 3. d4 cxd4 4. Nxd4 a6 5. Nc3 Qc7 6. Be3 Bb4 7. Qd2 Nf6 8. f3
d5 9. exd5 Nxd5 10. Nde2 Nxe3 11. Qxe3 O-O 12. O-O-O Nc6 13. h4 Ne5 14. h5 h6
15. g4 Bc5 16. Qf4 f6 17. Ne4 Be7 18. Qg3 Bd7 19. f4 Rac8 20. N2c3 Nf7 21. Bd3
b5 22. Kb1 b4 23. Ne2 a5 24. Qe3 a4 25. Nd4 e5 26. fxe5 Nxe5 27. Nf5 Be6 28.
Nxh6+ gxh6 29. Qxh6 Rf7 30. Ng5 fxg5 31. Qxe6 Nxd3 32. Qg6+ Kh8 33. Qxd3 Bf6
34. h6 Qe5 35. c3 bxc3 36. Qc2 Rb7 37. b3 axb3 38. axb3 Rxb3+ 39. Qxb3 c2+ 0-1

[Event "Cappelle op"]
[Site "Cappelle la Grande FRA"]
[Date "2016.02.16"]
[Round "5"]
[White "McGowan, Daniel"]
[Black "Spraggett, Kevin"]
[Result "0-1"]
[WhiteElo "2158"]
[BlackElo "2522"]
[PlyCount "86"]
[EventDate "2016.02.13"]
[EventType "swiss"]
[EventRounds "9"]
[EventCountry "FRA"]
[Source "Chessbase"]
[SourceDate "2016.02.26"]

1. e4 c5 2. Nf3 e6 3. b3 a6 4. Bb2 d6 5. c4 Nf6 6. Bd3 g6 7. O-O Bg7 8. Nc3 O-O
9. Bc2 e5 10. Ne1 Nc6 11. Ne2 Nh5 12. f4 Nxf4 13. Nxf4 exf4 14. Bxg7 Kxg7 15.
Rxf4 Qe7 16. Rf1 b5 17. Bd3 bxc4 18. bxc4 Nd4 19. Nc2 Qe5 20. Ne3 Bb7 21. Nd5
Rab8 22. Nf6 Bc6 23. Qe1 Rb2 24. Qe3 h6 25. Kh1 Nc2 26. Bxc2 Rxc2 27. d3 Rb8
28. Nd5 Bxd5 29. cxd5 Rbb2 30. Qf3 Rf2 31. Qg4 Rxa2 32. Rab1 Rxf1+ 33. Rxf1 Ra1
34. Qf3 Rxf1+ 35. Qxf1 a5 36. h3 a4 37. Qc1 Qd4 38. Qa3 Qb4 39. Qa1+ f6 40. Qd1
a3 41. Qg4 Qb7 42. Kh2 a2 43. Qd1 Qb2 0-1

[Event "Cappelle op"]
[Site "Cappelle la Grande FRA"]
[Date "2016.02.20"]
[Round "9"]
[White "Sasikiran, Krishnan"]
[Black "Spraggett, Kevin"]
[Result "1-0"]
[WhiteElo "2632"]
[BlackElo "2522"]
[PlyCount "55"]
[EventDate "2016.02.13"]
[EventType "swiss"]
[EventRounds "9"]
[EventCountry "FRA"]
[Source "Chessbase"]
[SourceDate "2016.02.26"]

1. e4 c5 2. Nf3 e6 3. d4 cxd4 4. Nxd4 a6 5. Bd3 Nf6 6. O-O d6 7. c4 Be7 8. Nc3
O-O 9. b3 Nbd7 10. Bb2 Re8 11. Kh1 Qc7 12. f4 b6 13. Qe2 Bb7 14. Rae1 Rad8 15.
f5 Bf8 16. fxe6 fxe6 17. Bc2 Ne5 18. Qe3 Rb8 19. Qg3 Kh8 20. Nce2 Bc8 21. Nf4
b5 22. Nf3 Nfg4 23. Ng5 Qe7 24. Qh4 h6 25. Qh5 Bd7 26. Ng6+ Nxg6 27. Nf7+ Kg8
28. Qxg4 1-0

[Event "Figueira da Foz op"]
[Site "Figueira da Foz POR"]
[Date "2015.11.21"]
[Round "1"]
[White "Spraggett, Kevin"]
[Black "Migala, Andrzej"]
[Result "1-0"]
[WhiteElo "2529"]
[BlackElo "1991"]
[PlyCount "61"]
[EventDate "2015.11.21"]
[EventType "swiss"]
[EventRounds "9"]
[EventCountry "POR"]
[Source "Chessbase"]
[SourceDate "2015.12.04"]

1. c4 c6 2. Nc3 d5 3. d4 Nf6 4. Nf3 a6 5. e3 b5 6. c5 Bg4 7. Qb3 Nbd7 8. a4 b4
9. Qxb4 Rb8 10. Qa3 a5 11. Be2 g6 12. O-O Bg7 13. h3 Bxf3 14. Bxf3 e5 15. Rd1
O-O 16. Rb1 Rb4 17. Na2 Rb7 18. b4 exd4 19. exd4 axb4 20. Rxb4 Ra7 21. Bf4 Qa5
22. Rdb1 Re8 23. Nc3 Ne4 24. Nxe4 dxe4 25. Be2 h6 26. Bc4 Rd8 27. Qe3 g5 28.
Bd6 Nf6 29. Rb7 Rd7 30. Rb8+ Kh7 31. Bd3 1-0

[Event "Figueira da Foz op"]
[Site "Figueira da Foz POR"]
[Date "2015.11.22"]
[Round "2"]
[White "Pinho, Paulo"]
[Black "Spraggett, Kevin"]
[Result "1/2-1/2"]
[WhiteElo "2208"]
[BlackElo "2529"]
[PlyCount "83"]
[EventDate "2015.11.21"]
[EventType "swiss"]
[EventRounds "9"]
[EventCountry "POR"]
[Source "Chessbase"]
[SourceDate "2015.12.04"]

1. d4 Nf6 2. c4 e6 3. Nf3 Bb4+ 4. Nc3 b6 5. Bg5 h6 6. Bh4 g5 7. Bg3 Ne4 8. Qc2
Bb7 9. e3 Bxc3+ 10. bxc3 Nxg3 11. fxg3 d6 12. Bd3 Nd7 13. O-O Qe7 14. Nd2 O-O
15. g4 Kg7 16. Rf2 Rh8 17. Be4 Bxe4 18. Qxe4 Nf6 19. Qf3 Rhf8 20. Raf1 Ng8 21.
Ne4 Rac8 22. Ng3 c5 23. Qe4 cxd4 24. Nh5+ Kh8 25. Rf6 dxc3 26. h4 Rc5 27. Qd4
e5 28. Qe4 c2 29. Qxc2 e4 30. R6f5 Rxf5 31. Rxf5 f6 32. Qd2 Qe6 33. hxg5 hxg5
34. Qd4 Rc8 35. Rxg5 Rxc4 36. Qb2 Rc5 37. Nf4 Qc4 38. Ng6+ Kh7 39. Nf8+ Kh8 40.
Ng6+ Kh7 41. Nf8+ Kh8 42. Ng6+ 1/2-1/2

[Event "Figueira da Foz op"]
[Site "Figueira da Foz POR"]
[Date "2015.11.22"]
[Round "3"]
[White "Spraggett, Kevin"]
[Black "Paunovic, Dragan"]
[Result "1-0"]
[WhiteElo "2529"]
[BlackElo "2435"]
[PlyCount "95"]
[EventDate "2015.11.21"]
[EventType "swiss"]
[EventRounds "9"]
[EventCountry "POR"]
[Source "Chessbase"]
[SourceDate "2015.12.04"]

1. c4 g6 2. Nc3 Bg7 3. d4 Nf6 4. e4 d6 5. h3 Nbd7 6. Bg5 h6 7. Be3 e5 8. d5 Nc5
9. Qc2 a5 10. Nf3 b6 11. Be2 Bd7 12. Nd2 h5 13. Nf3 Nh7 14. g3 Qc8 15. Bf1 O-O
16. g4 Nf6 17. g5 Nh7 18. O-O-O a4 19. Rh2 Re8 20. Nd2 Qd8 21. h4 f5 22. exf5
Bxf5 23. Nde4 Qd7 24. Be2 Nf8 25. f3 Reb8 26. Rhh1 Qe8 27. Kd2 Nfd7 28. Ra1 Qc8
29. Ke1 Qb7 30. Kf2 Rf8 31. Kg2 Rf7 32. b4 axb3 33. axb3 Rxa1 34. Rxa1 Nf8 35.
b4 Nxe4 36. fxe4 Bd7 37. Qa2 Qc8 38. Qa8 Bh3+ 39. Kg3 Qd7 40. Qc6 Bg4 41. Qxd7
Bxd7 42. Ra7 Be8 43. Ra8 Bd7 44. Bf3 Bh3 45. Nb1 Bd7 46. Nd2 Kh7 47. Be2 Re7
48. Ra7 1-0

[Event "Figueira da Foz op"]
[Site "Figueira da Foz POR"]
[Date "2015.11.23"]
[Round "4"]
[White "Dias, Paulo Jorge Guimara"]
[Black "Spraggett, Kevin"]
[Result "0-1"]
[WhiteElo "2367"]
[BlackElo "2529"]
[PlyCount "100"]
[EventDate "2015.11.21"]
[EventType "swiss"]
[EventRounds "9"]
[EventCountry "POR"]
[Source "Chessbase"]
[SourceDate "2015.12.04"]

1. d4 Nf6 2. c4 e6 3. Nc3 Bb4 4. Nf3 b6 5. Bg5 h6 6. Bh4 Bb7 7. e3 c5 8. Be2
cxd4 9. exd4 O-O 10. O-O Be7 11. Ne5 d6 12. Bf3 Qc8 13. Ng4 Nbd7 14. Nxf6+ Nxf6
15. Ne4 Bxe4 16. Bxe4 Nxe4 17. Bxe7 Re8 18. Qe2 d5 19. Rac1 Qb7 20. Bh4 dxc4
21. Rxc4 Rec8 22. Rfc1 Nd6 23. Rxc8+ Rxc8 24. Rxc8+ Qxc8 25. g4 Qc1+ 26. Kg2
Qf4 27. Bg3 Qxd4 28. Qe5 Qxe5 29. Bxe5 Nc8 30. f4 Ne7 31. Bd6 Nc6 32. f5 g6 33.
fxe6 fxe6 34. Kf3 Kf7 35. Ke4 Kf6 36. h4 h5 37. gxh5 gxh5 38. a4 a6 39. Bc7 b5
40. axb5 axb5 41. Bd6 Ne7 42. Be5+ Kf7 43. Bg3 Nf5 44. Be1 Kf6 45. Bc3+ e5 46.
Bxe5+ Ke6 47. Kf4 Nxh4 48. Bc3 Ng6+ 49. Kg5 h4 50. Be1 Ne5 0-1